000 00674nam a2200217 a 4500
001 18929
003 CO-ViMGA
008 141112s2004 ck r 000 u spa d
020 _a8449301661
040 _aCO-ViMGA
_bspa
_cCO-ViMGA
082 0 4 _a309.173 H681
100 1 _aHoward Ross, Marc
_927033
245 1 0 _aLa cultura del conflicto :
_blas diferencias interculturales en la práctica de la violencia
260 _aBarcelona :
_bPaidos; 1995
300 _a317 p.
490 _aPaidos Estado y Sociedad; 28
590 _aForma de adquisición : Premio Mincultura
650 1 4 _aCONFLICTOS CULTURALES
_927034
650 1 4 _aSOLUCION DE CONFLICTOS
_954
942 _2ddc
_cBK
999 _c28122
_d28122